Электричество и магнитизм (Запис номер 390374)
[ съкратено ]
| 000 -Лидер | |
|---|---|
| Контролно поле с фиксирана дължина | nam a22 a 4500 |
| 003 - Код на организацията, давaща контролен номер | |
| Контролно поле | BLK |
| 005 - Дата и час на последна редакция | |
| Контролно поле | 20201020151605.0 |
| 008 - Елементи от данни с фиксирана дължина | |
| fixed length control field | 201020b bu ||||| |||| 00| 0 bu d |
| 040 ## - Източник на каталожния запис | |
| Идентификатор на билиотеката - собственик на записа | BLK |
| 041 ## - Код за език | |
| Код за езика на текст/звукозапис или на отделно заглавие | Руски |
| Код за езика КДБФ | Руски |
| 080 ## - УДК | |
| Текстов определител УДК | Магнетизъм. Вж и 550.38; 621.318 |
| УДК код - определител по УДК | 537.6 |
| УДК - код + определител | 537.6 |
| 100 ## - Редна дума - Автор | |
| R(LIN) | 1299 |
| Автор | Томпсон, Силванус |
| Авторска отговорност | първи автор |
| 245 ## - Сведения за заглавието | |
| Заглавие | Электричество и магнитизм |
| Редно поле (дума) | Сильванус Томпсон ; Под. ред. И. И. Боргман ; Перев. с англ. Т. Я. Капустина и В. Б. Струве |
| 260 ## - Област на издателските данни | |
| 9 (RLIN) | 435409 |
| Място на издаване, разпространение и проч. | Санкт-Петербург |
| Име на издателя, разпространителя и проч. | И. И. Билибин |
| Година на издаване | 1883 |
| 300 ## - Физическа характеристика | |
| Страници | 436 с. |
| Илюстрации и др. | с ил. |
| Размери/Мащаб | 22 см |
| 380 ## - Жанр | |
| Жанр | Естествени науки. Математика |
| 490 ## - СЕРИИ (Колекции) | |
| 9 (RLIN) | 435080 |
| Име на серия | Колекция Редки и ценни издания |
| 650 #7 - Допълнително описание по предмет – тема | |
| 9 (RLIN) | 154604 |
| Основно описание – тема или топоним | Електричество |
| 650 #7 - Допълнително описание по предмет – тема | |
| 9 (RLIN) | 160901 |
| Основно описание – тема или топоним | Магнетизъм |
| 700 ## - Други автори (авторска отговорност) | |
| 9 (RLIN) | 871 |
| Лично име | Боргман, И. И. |
| Автороска отговорност (Описва отношението между автора и произведението) | под ред. на |
| 700 ## - Други автори (авторска отговорност) | |
| 9 (RLIN) | 766 |
| Лично име | Капустин, Т. Я. |
| Автороска отговорност (Описва отношението между автора и произведението) | пер. с англ. |
| 700 ## - Други автори (авторска отговорност) | |
| 9 (RLIN) | 766 |
| Лично име | Струве, В. Б. |
| Автороска отговорност (Описва отношението между автора и произведението) | пер. с англ. |
| 852 ## - Местоположение | |
| Форматна сигнатура | Рр 883 |
| Фондова буква | Редки и ценни |
| 999 ## - СИСТЕМНИ КОНТРОЛНИ НОМЕРА | |
| Koha biblionumber | 390374 |
| Koha biblioitemnumber | 390374 |
| 942 ## - АРТИКУЛИ | |
| Вид на библиотечния материал | Книги |
| Скрит в OPAC | Не |
| Периодичен библиозапис | Да |
| 944 ## - СЪЗДАВАНЕ И РЕДАКЦИЯ на ЗАПИСА | |
| Създаване/Редакция | Създаване |
| Дата на регистрацията/редакция | 2020-10-20 |
| Служител, извършил регистрацията/редакцията | ВЙ |
| Код за отписване | Код за изгубен артикул | Източник на класификационната схема | Код за повреда | Коз за рестрикции | Код за отдаване | Артикулен № | Име на библиотеката - собственик | Име на библиотеката, в която се намира в момента | Статус (Текущо местоположение) | Дата на вписване в системата | Местоположение - отдел | Цена в лева | Инвентарен номер | Систематично азбучна сигнатура | Баркод | Цена в евро | Служебен тип на артикула |
|---|---|---|---|---|---|---|---|---|---|---|---|---|---|---|---|---|---|
| Не е изгубен | Universal Decimal Classification | Не е повреден | само за читалня | Специални фондове ( старопечатни, редки и ценни, фонд М. Арнаудов) | 803808 | Регионална библиотека "Любен Каравелов" Русе | Регионална библиотека "Любен Каравелов" Русе | Редки и ценни | 2020-10-22 | Редки и ценни | 0.35 | 8587 | Рр 883 | 900000036705 | 0.18 | Книги |